Nursing in society. (Record no. 52556)
[ view plain ]
| 000 -LEADER | |
|---|---|
| fixed length control field | 00581cam7a220021700 4500 |
| 001 - CONTROL NUMBER | |
| control field | zam00003084 |
| 008 - FIXED-LENGTH DATA ELEMENTS--GENERAL INFORMATION | |
| fixed length control field | 951128s1973 xx eng u |
| 035 ## - SYSTEM CONTROL NUMBER | |
| System control number | (Sirsi) r20419 |
| 035 ## - SYSTEM CONTROL NUMBER | |
| System control number | (MACHINE)MSLC. |
| 100 ## - MAIN ENTRY--PERSONAL NAME | |
| Personal name | Dolan, J. A. |
| Linkage | A81784.1 |
| 245 10 - TITLE STATEMENT | |
| Title | Nursing in society. |
| 260 ## - PUBLICATION, DISTRIBUTION, ETC. | |
| Date of publication, distribution, etc. | 1973. |
| 591 ## - | |
| -- | Class code: MCH 310. |
| 591 ## - | |
| -- | Course: Medical community health. |
| 591 ## - | |
| -- | School: S07. |
| 591 ## - | |
| -- | Lecturer: Dr. MALHOTRA, A.D. |
| 591 ## - | |
| -- | Number of Students: 20. |
| 949 ## - LOCAL PROCESSING INFORMATION (OCLC) | |
| a | RT31 |
| w | LC |
| m | MEDICAL |
| t | BOOK |
| l | ON-SHELF |
| 909 ## - | |
| -- | Book |
No items available.